000 01534nam a2200349 c 4500
003 BLK
005 20190321114128.0
008 180408b bul|||||r ||||||| ||bul||
010 _aKNG00067819000
040 _aBLK
041 _aBUL
_cBUL
080 _aПаметници на културата на историческите периоди. Археологическите паметници. Старини
_b904
_x(497.2)"2004"(063)
_z904(497.2)"2004"(063)
700 1 _aТорбатов, Сергей Борисов
_eред. кол.
_9367083
139 _aАрхеологически открития и разкопки
_bА 90
245 1 0 _aАрхеологически открития и разкопки през 2004 г.
_bXLIV Нац. археол. конф. : Резюмета
_cред. кол. Сергей Борисов Торбатов.
257 _aBGR
260 София
_bБАН
_c2005
300 _a336 с.
_c24 см
380 _a9
500 _aИзд. на БАН. Археол. институт с музей.
650 4 _aБългария - старини
_9262139
650 4 _aАрхеологични находки - България
_9273888
651 4 _aБългария
_9241624
653 _aархеологически разкопки
653 _aархеологични находки
653 _aконференции
852 _aЦб 229019
856 4 _qpdf
_u
856 4 _qpdf
_u
942 _cKNG
_n0
_02
944 _aCR
_c22.08.2006
_lф /
_kЛюдмила_Стоянова
944 _aED
_c04.04.2014
_lф /
_k
999 _c63579
_d63579